000 00712nam a2200265Ia 4500
001 35153
005 20240114001802.0
007 ta
008 070313s1986 a g b000 u asm u
040 _aCotton College,Assam
041 _aasm
082 _a928
_bAd 41 Bi
100 _aAdhikari, Gagan Chandra .
245 0 _aBiren Barkakati: Byaktitwa aru Prativa /
_cGagan Chandra Adhikari.
_hTextual Documents
250 _a1st ed. /
260 _aGuwahati :
_bTrimurti ,
_c1986.
300 _a72p. :
_bill ;
_c22cm .
653 _aBiography-Biren Barkakati
653 _aG-Biography
942 _2ddc
_cBK
999 _c35135
_d35135